effect of wehg fertilizer on littuve at crop station of royal university of agriculture ( ឥទ្ធិពលនៃជីវែគលើដំណាំសាលាដ ក្នុងល័ក្ខខ័ណ្ឌសាកលវិទ្យាល័យភូមិន្ទកសិកម្ម) (Record no. 924)
[ view plain ]
| 000 -LEADER | |
|---|---|
| fixed length control field | 00660nam a22001577a 4500 |
| 003 - CONTROL NUMBER IDENTIFIER | |
| control field | OSt |
| 005 - DATE AND TIME OF LATEST TRANSACTION | |
| control field | 20150920160229.0 |
| 008 - FIXED-LENGTH DATA ELEMENTS--GENERAL INFORMATION | |
| fixed length control field | 150920b xxu||||| |||| 00| 0 eng d |
| 040 ## - CATALOGING SOURCE | |
| Transcribing agency | RUA |
| 082 ## - DEWEY DECIMAL CLASSIFICATION NUMBER | |
| Classification number | AGR CHH 2009 B041 Or.1 |
| 100 ## - MAIN ENTRY--PERSONAL NAME | |
| 9 (RLIN) | 960 |
| Personal name | CHHUON, CHHAIYA. |
| 245 ## - TITLE STATEMENT | |
| Title | effect of wehg fertilizer on littuve at crop station of royal university of agriculture ( ឥទ្ធិពលនៃជីវែគលើដំណាំសាលាដ ក្នុងល័ក្ខខ័ណ្ឌសាកលវិទ្យាល័យភូមិន្ទកសិកម្ម) |
| 260 ## - PUBLICATION, DISTRIBUTION, ETC. (IMPRINT) | |
| Place of publication, distribution, etc. | Phnom Penh |
| Name of publisher, distributor, etc. | RUA |
| Date of publication, distribution, etc. | 2009 |
| 300 ## - PHYSICAL DESCRIPTION | |
| Extent | xi, 44p. |
| Other physical details | ill. |
| Dimensions | 29cm. |
| 942 ## - ADDED ENTRY ELEMENTS (KOHA) | |
| Source of classification or shelving scheme | |
| Koha item type | AGR |
| Price effective from | Date last seen | Permanent Location | Not for loan | Date acquired | Source of classification or shelving scheme | Koha item type | Lost status | Withdrawn status | Total Renewals | Date last checked out | Total Checkouts | Shelving location | Damaged status | Barcode | Current Location | Full call number |
|---|---|---|---|---|---|---|---|---|---|---|---|---|---|---|---|---|
| 2015-09-20 | 2015-09-20 | Library Block B | 2015-09-20 | AGR | B041 | RUA000289 | Library Block B | AGR CHH 2009 B041 Or.1 | ||||||||
| 2015-09-20 | 2019-08-19 | Library Block B | 2015-09-20 | AGR | 1 | 2019-07-19 | 8 | B041 | RUA000217 | Library Block B | AGR CHH 2009 B041 Or.2 | |||||
| 2015-09-20 | 2016-11-11 | Library Block B | 2015-09-20 | AGR | 2016-10-21 | 1 | B041 | RUA000800 | Library Block B | AGR CHH 2009 B041 Or.3 | ||||||
| 2015-09-20 | 2016-09-27 | Library Block B | 2015-09-20 | AGR | 2016-09-16 | 1 | B041 | RUA000728 | Library Block B | AGR CHH 2009 B041 Or.4 | ||||||
| 2015-09-20 | 2015-09-20 | Library Block B | 2015-09-20 | AGR | B041 | RUA000656 | Library Block B | AGR CHH 2009 B041 Or.5 |